000 00377nam a2200109Ia 4500
008 220615s9999||||xx |||||||||||||| ||und||
245 4 _aThe Making of The Wandering Earth
_bA Film Production Handbook
546 _aEnglish[eng]
650 _aThe Wandering Earth, Chinese science fiction, VFX-heavy science fiction films
700 _awang, jiaren||Kanyu Wang, Regina
942 _cEB
999 _c17472
_d17472